University Home | Library Home | Institutional Repository

Report on the geology of Basutoland. (Record no. 131220)

MARC details
000 -LEADER
fixed length control field 00716cam5a220021700 4500
001 - CONTROL NUMBER
control field tmp15778305
003 - CONTROL NUMBER IDENTIFIER
control field UPRA
005 - DATE AND TIME OF LATEST TRANSACTION
control field 20190822105432.0
008 - FIXED-LENGTH DATA ELEMENTS--GENERAL INFORMATION
fixed length control field 951026s1947 sa eng u
035 ## - SYSTEM CONTROL NUMBER
System control number (Sirsi) r93616
035 ## - SYSTEM CONTROL NUMBER
System control number (UPRA)tmp15778305
040 ## - CATALOGING SOURCE
Transcribing agency UPRA
100 1# - MAIN ENTRY--PERSONAL NAME
Personal name Stockley, G. M. (Gordon Murray)
Fuller form of name Stockley, G. M. (Gordon Murray)
Linkage A52385.1
245 10 - TITLE STATEMENT
Title Report on the geology of Basutoland.
260 ## - PUBLICATION, DISTRIBUTION, ETC.
Place of publication, distribution, etc. [Marija :
Name of publisher, distributor, etc. Morija Printing Works],
Date of publication, distribution, etc. 1947.
500 ## - GENERAL NOTE
General note "Publ. by the authority of the Basutoland Government."
650 #0 - SUBJECT ADDED ENTRY--TOPICAL TERM
Topical term or geographic name entry element Geology -- Lesotho.
Geographic subdivision Geology -- Lesotho.
Linkage S40975.1
710 1# - ADDED ENTRY--CORPORATE NAME
Corporate name or jurisdiction name as entry element Basutoland.
Linkage A52386.1
949 ## - LOCAL PROCESSING INFORMATION (OCLC)
a (O2)1947/1
w lcc
m MAIN
t BOOK
l ON-SHELF

No items available.

© 2026 - The University of Zambia Library - Koha v25.11